[Event "Ponte de Lima op"]
[Site "Ponte de Lima"]
[Date "2024.04.10"]
[Round "3"]
[White "Sidhant, Mohapatra"]
[Black "Roshka, Yevgeniy"]
[Result "1/2-1/2"]
[WhiteElo "2384"]
[BlackElo "2471"]
[PlyCount "56"]
[EventDate "2024.04.09"]
[EventType "swiss"]
[EventRounds "9"]
[EventCountry "POR"]
[SourceTitle "CB17_2024"]
[SourceDate "2024.04.24"]
[SourceVersion "1"]
[SourceVersionDate "2024.04.24"]
[SourceQuality "1"]

1. e4 e5 2. Nf3 Nc6 3. Bb5 a6 4. Ba4 Nf6 5. d3 d6 6. c3 Be7 7. 0-0 0-0 8. Re1 b5 9. Bc2 Re8 10. a4 Bb7 11. Nbd2 Bf8 12. Nf1 h6 13. Ng3 d5 14. d4 dxe4 15. Nxe4 Nxe4 16. Bxe4 exd4 17. cxd4 Rb8 18. axb5 axb5 19. Bd2 Qd6 20. Rc1 Ba8 21. Bf4 Qxf4 22. Bxc6 Bxc6 23. Rxc6 Bb4 24. Rxe8+ Rxe8 25. g3 Qg4 26. Kg2 Bd6 27. Qd3 b4 28. Rc1 Qh5 1/2-1/2

[Event "Cappelle op 40th"]
[Site "Cappelle la Grande"]
[Date "2024.03.06"]
[Round "7"]
[White "Nanjo, Ryosuke"]
[Black "Roshka, Yevgeniy"]
[Result "1-0"]
[WhiteElo "2346"]
[BlackElo "2468"]
[PlyCount "177"]
[EventDate "2024.03.02"]
[EventType "swiss"]
[EventRounds "9"]
[EventCountry "FRA"]
[SourceTitle "CB11_2024"]
[SourceDate "2024.03.13"]
[SourceVersion "1"]
[SourceVersionDate "2024.03.13"]
[SourceQuality "1"]

1. e4 g6 2. d4 Bg7 3. Nc3 d6 4. Be3 a6 5. g4 b5 6. Bg2 Bb7 7. h4 h6 8. g5 hxg5 9. h5 gxh5 10. Rxh5 Nf6 11. Rxh8+ Bxh8 12. Bxg5 Nbd7 13. Qd3 c5 14. Qh3 Bg7 15. e5 Bxg2 16. Qxg2 dxe5 17. dxe5 Ng8 18. Bf6 Bf8 19. Bh8 Nh6 20. e6 fxe6 21. Qg6+ Nf7 22. Nf3 Qc7 23. Ng5 Qf4 24. Nxe6 Qh2 25. Nxf8 Kxf8 26. Bg7+ Ke8 27. 0-0-0 Qf4+ 28. Kb1 Qf3 29. Re1 Nf8 30. Qb6 Rd8 31. Qxa6 Nd6 32. Bxf8 Kxf8 33. Qa7 Ne4 34. a3 Nxc3+ 35. bxc3 Rd1+ 36. Rxd1 Qxd1+ 37. Kb2 Qd6 38. Qb7 b4 39. axb4 cxb4 40. Qxb4 Qf6 41. Qc5 Qf3 42. c4 Qf6+ 43. Kb3 Qf3+ 44. Kb4 Qb7+ 45. Qb5 Qf3 46. Qb8+ Kf7 47. Qg3 Qb7+ 48. Kc3 Qb6 49. Qf3+ Kg7 50. Qg4+ Kf7 51. Qf5+ Kg7 52. Qe5+ Kf7 53. Qd5+ Kf8 54. c5 Qa5+ 55. Kd3 Qa3+ 56. c3 Qa6+ 57. Kd2 Qa5 58. Qc4 Qa7 59. Ke2 Qc7 60. c6 Qe5+ 61. Kf1 Qc7 62. Kg2 e6 63. Kf3 e5 64. Qb4+ Kg8 65. Qg4+ Kh8 66. Qd7 e4+ 67. Kxe4 Qh2 68. Qe8+ Kh7 69. Qe7+ Kg8 70. Qg5+ Kh7 71. Qf5+ Kg8 72. Kd4 Qh4+ 73. Kd3 Qh1 74. Qg4+ Kh8 75. Qd4+ Kg8 76. Qc4+ Kh8 77. Kc2 Qh7+ 78. Kb2 Qh2 79. Qd4+ Kg8 80. Qg4+ Kh8 81. Qg3 Qh6 82. Qe5+ Kg8 83. Qd5+ Kh7 84. Qd7+ Kg8 85. Qd8+ Kh7 86. c7 Qb6+ 87. Kc1 Qh6+ 88. Kc2 Qg6+ 89. Qd3 1-0

[Event "Cappelle op 40th"]
[Site "Cappelle la Grande"]
[Date "2024.03.06"]
[Round "6"]
[White "Roshka, Yevgeniy"]
[Black "Agdelen, Huseyin Can"]
[Result "1/2-1/2"]
[WhiteElo "2468"]
[BlackElo "2408"]
[PlyCount "131"]
[EventDate "2024.03.02"]
[EventType "swiss"]
[EventRounds "9"]
[EventCountry "FRA"]
[SourceTitle "CB11_2024"]
[SourceDate "2024.03.13"]
[SourceVersion "1"]
[SourceVersionDate "2024.03.13"]
[SourceQuality "1"]

1. d4 d5 2. c4 e6 3. Nf3 Nf6 4. g3 Bb4+ 5. Bd2 Be7 6. Qc2 0-0 7. Bg2 c6 8. 0-0 Nbd7 9. Bf4 b6 10. Rc1 Bb7 11. Nbd2 Nh5 12. cxd5 Nxf4 13. gxf4 cxd5 14. Qc7 Rb8 15. e3 Nf6 16. Ne5 Qxc7 17. Rxc7 Bd6 18. Rc2 Rbc8 19. Rac1 Rxc2 20. Rxc2 Rc8 21. Rxc8+ Bxc8 22. Bf1 a6 23. Bd3 g6 24. Ndf3 Ne8 25. h4 f6 26. Ng4 Kg7 27. Ngh2 h5 28. Nf1 Kf7 29. Ng3 Ng7 30. Kf1 Bb7 31. Kg2 Ne8 32. Ne2 Bc7 33. Nd2 Nd6 34. f3 Nc8 35. Kf2 Ne7 36. e4 Bd8 37. Kg3 Bc7 38. Kf2 Bd8 39. f5 exf5 40. exf5 g5 41. Nf1 Bc8 42. Ne3 b5 43. f4 gxf4 44. Nxf4 Bb6 45. Ne2 Kg7 46. Kf3 Nc6 47. Nc2 Ne7 48. Ne3 Nc6 49. Nc2 Ne7 50. Nf4 Nxf5 51. Bxf5 Bxf5 52. Nxd5 Ba7 53. Nce3 Bb1 54. Ne7 Bxa2 55. Nc6 Bb6 56. Ke4 Kf7 57. Nb4 Bb1+ 58. Kd5 f5 59. Nxa6 Kf6 60. Nc5 Ba5 61. Nd7+ Ke7 62. Ne5 Bb6 63. Nc6+ Kd7 64. Ne5+ Ke7 65. Nc6+ Kd7 66. Ne5+ 1/2-1/2

[Event "Cappelle op 40th"]
[Site "Cappelle la Grande"]
[Date "2024.03.05"]
[Round "5"]
[White "Maisuradze, Nino"]
[Black "Roshka, Yevgeniy"]
[Result "0-1"]
[WhiteElo "2254"]
[BlackElo "2468"]
[PlyCount "118"]
[EventDate "2024.03.02"]
[EventType "swiss"]
[EventRounds "9"]
[EventCountry "FRA"]
[SourceTitle "CB11_2024"]
[SourceDate "2024.03.13"]
[SourceVersion "1"]
[SourceVersionDate "2024.03.13"]
[SourceQuality "1"]

1. d4 g6 2. e4 Bg7 3. c4 d6 4. Nf3 e5 5. Be2 Nc6 6. Bg5 f6 7. Be3 Nh6 8. h3 f5 9. d5 Ne7 10. Nh2 Nf7 11. g4 f4 12. Bc1 h5 13. Nc3 hxg4 14. hxg4 Ng5 15. Kd2 Ng8 16. Kc2 Nf6 17. f3 Kf7 18. Qg1 Rh3 19. Bd2 Bd7 20. Qf2 Qh8 21. Rag1 Qh4 22. Qxh4 Rxh4 23. Nf1 Rah8 24. Rxh4 Rxh4 25. Be1 Rh3 26. Nd2 Rh2 27. Kd1 Bf8 28. Rf1 Nh3 29. b4 Be7 30. a4 Bd8 31. a5 Kg7 32. Nb3 Nh7 33. c5 N7g5 34. a6 bxa6 35. c6 Bc8 36. Nd2 Rg2 37. Rh1 Ng1 38. Bf1 Rxd2+ 39. Bxd2 N1xf3 40. Kc1 Nd4 41. Bd3 Ngf3 42. Be1 Nxe1 43. Rxe1 Bh4 44. Rh1 Bf2 45. Nd1 Bg3 46. g5 Nf3 47. Rf1 Nxg5 48. Nf2 Bh4 49. Kc2 Nf3 50. Be2 Nd4+ 51. Kd2 f3 52. Bc4 Bg5+ 53. Kd3 Bh4 54. Nd1 g5 55. Ne3 Kg6 56. Ra1 g4 57. Nxg4 Bxg4 58. Rxa6 Be1 59. Rxa7 f2 0-1

[Event "Cappelle op 40th"]
[Site "Cappelle la Grande"]
[Date "2024.03.04"]
[Round "3"]
[White "Van Houtte, Randy"]
[Black "Roshka, Yevgeniy"]
[Result "0-1"]
[WhiteElo "2152"]
[BlackElo "2468"]
[PlyCount "50"]
[EventDate "2024.03.02"]
[EventType "swiss"]
[EventRounds "9"]
[EventCountry "FRA"]
[SourceTitle "CB11_2024"]
[SourceDate "2024.03.13"]
[SourceVersion "1"]
[SourceVersionDate "2024.03.13"]
[SourceQuality "1"]

1. Nf3 Nf6 2. c4 e6 3. e3 d5 4. b3 c5 5. Bb2 Nc6 6. cxd5 exd5 7. d4 cxd4 8. Nxd4 Bb4+ 9. Bc3 Bd6 10. Nd2 0-0 11. Be2 Bd7 12. g4 Ne5 13. g5 Ne4 14. Nxe4 dxe4 15. Qd2 Rc8 16. h4 Qe7 17. Nc2 Nd3+ 18. Bxd3 exd3 19. Qxd3 Rxc3 20. Qxc3 Rc8 21. Qd3 Bc6 22. Rd1 Rd8 23. Nd4 Bxh1 24. Nf5 Qc7 25. Nxd6 Bf3 0-1

[Event "Cappelle op 40th"]
[Site "Cappelle la Grande"]
[Date "2024.03.02"]
[Round "1"]
[White "Adda, Olivier"]
[Black "Roshka, Yevgeniy"]
[Result "0-1"]
[WhiteElo "2053"]
[BlackElo "2468"]
[PlyCount "82"]
[EventDate "2024.03.02"]
[EventType "swiss"]
[EventRounds "9"]
[EventCountry "FRA"]
[SourceTitle "CB11_2024"]
[SourceDate "2024.03.13"]
[SourceVersion "1"]
[SourceVersionDate "2024.03.13"]
[SourceQuality "1"]

1. e4 g6 2. d4 Bg7 3. c4 d6 4. Nc3 e5 5. Nf3 Nc6 6. d5 Nce7 7. b4 f5 8. c5 Nf6 9. Bb5+ Kf8 10. 0-0 h6 11. a4 f4 12. Qb3 g5 13. Rd1 Ng6 14. Ba3 g4 15. Nd2 Nh5 16. g3 Nf6 17. Bf1 h5 18. cxd6 cxd6 19. Nb5 Ne8 20. Nc4 Kg8 21. Nbxd6 Nxd6 22. Nxd6 Qxd6 23. b5 Qf6 24. d6+ Be6 25. Bc4 Bxc4 26. Qxc4+ Kh7 27. d7 Bf8 28. Qc7 Rd8 29. Qxb7 Bxa3 30. Rxa3 Rhf8 31. Qxa7 h4 32. Rad3 fxg3 33. fxg3 h3 34. Qe3 Rf7 35. Rd6 Qe7 36. Qb6 Nf8 37. Qe3 Ne6 38. b6 Rf3 39. Qd2 Qf7 40. b7 Rf8 41. Qe1 Nd4 0-1

[Event "Rochefort op 22nd"]
[Site "Rochefort"]
[Date "2024.02.22"]
[Round "8"]
[White "Mekhane, Adam"]
[Black "Roshka, Yevgeniy"]
[Result "0-1"]
[WhiteElo "2300"]
[BlackElo "2474"]
[PlyCount "130"]
[EventDate "2024.02.17"]
[EventType "swiss"]
[EventRounds "9"]
[EventCountry "FRA"]
[SourceTitle "CB09_2024"]
[SourceDate "2024.02.28"]
[SourceVersion "1"]
[SourceVersionDate "2024.02.28"]
[SourceQuality "1"]

1. e4 c5 2. Nf3 d6 3. d4 cxd4 4. Nxd4 Nf6 5. Nc3 Nc6 6. Bg5 e6 7. Qd2 a6 8. Nxc6 bxc6 9. 0-0-0 Be7 10. Bxf6 gxf6 11. Bc4 Bb7 12. Qe3 Qa5 13. Kb1 0-0-0 14. a3 Rhg8 15. g3 d5 16. Bb3 Qc5 17. Qf3 dxe4 18. Qxe4 f5 19. Bxe6+ fxe6 20. Qxe6+ Kb8 21. Na4 Qa5 22. Qxe7 Rxd1+ 23. Rxd1 Qxa4 24. Qxh7 Re8 25. Qxf5 Qc4 26. h4 Re2 27. h5 Bc8 28. Qg6 Qc5 29. h6 Bf5 30. Qg8+ Ka7 31. Qf7+ Kb6 32. Qb3+ Ka5 33. Rc1 Rxf2 34. Qb8 Bxc2+ 35. Ka1 Ka4 36. Rh1 Qc4 37. b3+ Bxb3 38. Qb4+ Qxb4 39. axb4 Ka3 40. Kb1 Bc2+ 41. Kc1 Bh7 42. Rh4 Kb3 43. Kd1 Rg2 44. Rf4 Rxg3 45. Rf7 Bc2+ 46. Kd2 Rg2+ 47. Ke3 Kxb4 48. Rb7+ Kc5 49. Rb2 Rg3+ 50. Kf4 Rc3 51. Ra2 Kb6 52. Rb2+ Kc7 53. Ra2 Rc4+ 54. Ke5 Rc5+ 55. Kd4 Rd5+ 56. Kc3 Bg6 57. Rg2 Rd6 58. Rg1 a5 59. Rg5 Kb6 60. Rg4 Kb5 61. Kb2 c5 62. Ka3 Bh7 63. Rh4 Rd3+ 64. Kb2 c4 65. Rf4 Rd6 0-1

[Event "AUT-chT2M 2324"]
[Site "Austria"]
[Date "2023.11.04"]
[Round "2.1"]
[White "Roshka, Yevgeniy"]
[Black "Ruck, Robert"]
[Result "1/2-1/2"]
[WhiteElo "2478"]
[BlackElo "2534"]
[PlyCount "326"]
[EventDate "2023.11.03"]
[EventType "team-tourn"]
[EventRounds "11"]
[EventCountry "AUT"]
[SourceTitle "CB46_2023"]
[SourceDate "2023.11.15"]
[SourceVersion "1"]
[SourceVersionDate "2023.11.15"]
[SourceQuality "1"]
[WhiteTeam "Graz Styria"]
[BlackTeam "Fuerstenfeld/Hartberg"]
[WhiteTeamCountry "AUT"]
[BlackTeamCountry "AUT"]

1. d4 d5 2. c4 dxc4 3. e3 e5 4. Bxc4 Nc6 5. d5 Na5 6. Be2 c6 7. e4 Nf6 8. Nc3 Bb4 9. Qa4 Bxc3+ 10. bxc3 0-0 11. Ba3 b5 12. Qb4 Re8 13. Rd1 a6 14. Bc1 cxd5 15. exd5 Nxd5 16. Rxd5 Qxd5 17. Qxa5 Be6 18. Nf3 Qxa2 19. Qxa2 Bxa2 20. Ba3 Rac8 21. Bb4 Bc4 22. Nd2 Bxe2 23. Kxe2 Rc6 24. Nb3 Rd8 25. g4 f6 26. Ke3 Kf7 27. h4 Rd5 28. f3 Rc4 29. Nd2 Rc6 30. h5 h6 31. Ra1 Ke6 32. Ne4 Kf7 33. Ng3 Rd8 34. Nf5 Rd7 35. Kf2 Rd8 36. Ra5 Rd7 37. Ra3 Rd8 38. Ra1 Rd7 39. Ke3 Rd8 40. Ng3 Rd5 41. Ne4 Ke6 42. Ra5 Kf7 43. c4 Rxc4 44. Nd6+ Rxd6 45. Bxd6 Rc6 46. Bb4 g6 47. Ra3 gxh5 48. gxh5 Rc4 49. Be1 Rf4 50. Rxa6 Rf5 51. Ba5 Rxh5 52. Bd8 Rf5 53. Rb6 h5 54. Rxb5 Rf4 55. Rb6 Kg6 56. Be7 Kf7 57. Rb7 Rf5 58. Bb4+ Kg6 59. Bf8 Rf4 60. Rg7+ Kf5 61. Rh7 Kg6 62. Rh6+ Kg5 63. Rh8 Kg6 64. Bh6 Ra4 65. Kd3 Rd4+ 66. Ke2 e4 67. Ke3 Ra4 68. f4 Kf5 69. Bf8 Ra8 70. Rxh5+ Kg4 71. Rh8 Kf5 72. Bg7 Ra3+ 73. Ke2 Ra2+ 74. Kd1 Ra1+ 75. Ke2 Ra2+ 76. Kf1 Ra1+ 77. Kg2 Ra2+ 78. Kg3 Ra3+ 79. Kh4 Kxf4 80. Bxf6 e3 81. Bg5+ Kf3 82. Kh3 Kf2 83. Kh2 Ra5 84. Rf8+ Ke2 85. Bf4 Ra3 86. Kg2 Ra4 87. Kg3 Ra7 88. Re8 Rg7+ 89. Kh3 Kf3 90. Bh6 Rg3+ 91. Kh2 Rg2+ 92. Kh1 Re2 93. Bg7 Rd2 94. Bc3 Rc2 95. Rf8+ Ke2 96. Ba5 Rc5 97. Bb6 Rc6 98. Bd4 Rd6 99. Be5 Re6 100. Bg3 Ra6 101. Kg2 Ra7 102. Rb8 Ra2 103. Rb3 Rd2 104. Rb7 Rd8 105. Ra7 Rd4 106. Ra5 Rd8 107. Bf4 Rg8+ 108. Bg5 Kd3 109. Kf1 Rc8 110. Rd5+ Ke4 111. Rd7 Rc1+ 112. Kg2 Rc5 113. Bf6 Rd5 114. Re7+ Kf4 115. Bc3 Rd3 116. Ba5 Ra3 117. Bc7+ Kg4 118. Re4+ Kf5 119. Rf4+ Kg5 120. Kf3 Rc3 121. Bd8+ Kg6 122. Bb6 Rc6 123. Bd4 Re6 124. Rg4+ Kf5 125. Rg1 e2 126. Be3 Rg6 127. Rb1 Re6 128. Kxe2 Re5 129. Kf3 Ra5 130. Rg1 Kf6 131. Rh1 Ra4 132. Bf4 Rb4 133. Rd1 Kf5 134. Rd5+ Ke6 135. Re5+ Kd7 136. Bd2 Ra4 137. Ke3 Kd6 138. Rh5 Ke6 139. Bc3 Rg4 140. Be5 Rg1 141. Bf4 Ra1 142. Re5+ Kd7 143. Ke4 Ra4+ 144. Kf5 Rc4 145. Ra5 Kc6 146. Be3 Rh4 147. Rc5+ Kd6 148. Rc3 Kd5 149. Rd3+ Kc4 150. Rd8 Kc3 151. Bf4 Kc4 152. Ke4 Kc5 153. Rc8+ Kb4 154. Rc1 Kb5 155. Ke5 Rh5+ 156. Kd6 Rh4 157. Rc5+ Kb4 158. Bd2+ Kb3 159. Rc3+ Kb2 160. Ke5 Rh2 161. Rd3 Kc2 162. Ke4 Rxd2 163. Rxd2+ Kxd2 1/2-1/2

[Event "AUT-chT2M 2324"]
[Site "Austria"]
[Date "2023.11.03"]
[Round "1.1"]
[White "Csonka, Balazs"]
[Black "Roshka, Yevgeniy"]
[Result "1-0"]
[WhiteElo "2480"]
[BlackElo "2478"]
[PlyCount "63"]
[EventDate "2023.11.03"]
[EventType "team-tourn"]
[EventRounds "11"]
[EventCountry "AUT"]
[SourceTitle "CB46_2023"]
[SourceDate "2023.11.15"]
[SourceVersion "1"]
[SourceVersionDate "2023.11.15"]
[SourceQuality "1"]
[WhiteTeam "Graz Schachfreunde"]
[BlackTeam "Graz Styria"]
[WhiteTeamCountry "AUT"]
[BlackTeamCountry "AUT"]

1. e4 c5 2. Nf3 Nc6 3. d4 cxd4 4. Nxd4 Nf6 5. Nc3 d6 6. Bg5 e6 7. Qd2 a6 8. 0-0-0 Bd7 9. f4 b5 10. Bxf6 gxf6 11. Kb1 Qb6 12. Nxc6 Bxc6 13. f5 b4 14. Ne2 e5 15. Ng3 h5 16. h4 Qc5 17. b3 Ke7 18. Bc4 Bh6 19. Qe2 Be3 20. Nxh5 a5 21. Rh3 Bd4 22. g4 Rag8 23. g5 fxg5 24. f6+ Kf8 25. Qg4 Be8 26. hxg5 Qc6 27. g6 fxg6 28. Ng7 Bd7 29. Qxg6 Qxc4 30. Rxh8 Qf7 31. Qh6 Bc5 32. Rxd6 1-0

[Event "ROM-chT"]
[Site "Eforie Nord"]
[Date "2023.09.29"]
[Round "9.1"]
[White "Roshka, Yevgeniy"]
[Black "Kourkoulos Arditis, Stamatis"]
[Result "0-1"]
[WhiteElo "2501"]
[BlackElo "2527"]
[PlyCount "78"]
[EventDate "2023.09.21"]
[EventType "team-tourn"]
[EventRounds "9"]
[EventCountry "ROU"]
[SourceTitle "EXT 2024"]
[Source "ChessBase"]
[SourceDate "2023.10.10"]
[SourceVersion "1"]
[SourceVersionDate "2023.10.10"]
[SourceQuality "1"]
[WhiteTeam "Ineu"]
[BlackTeam "Timisoara Vest Univ"]
[WhiteTeamCountry "ROU"]
[BlackTeamCountry "ROU"]

1. d4 d5 2. c4 e6 3. Nf3 a6 4. Bg5 Be7 5. Bxe7 Nxe7 6. e3 0-0 7. Nc3 Nd7 8. Rc1 dxc4 9. Bxc4 b5 10. Bd3 c5 11. Ng5 Nf5 12. h4 Bb7 13. d5 Ne5 14. g4 c4 15. Be4 Nh6 16. Qd4 Nexg4 17. Bxh7+ Kh8 18. Rg1 e5 19. Qd1 f5 20. Bxf5 Nxf2 21. Kxf2 Rxf5+ 22. Ke1 Qb6 23. Qe2 b4 24. Nce4 Bxd5 25. Rd1 Rd8 26. Ng3 Rff8 27. Nf1 Bg8 28. Rxd8 Rxd8 29. Qg2 Rd7 30. Qe4 c3 31. Rg2 Qd6 32. bxc3 bxc3 33. Kf2 Qd5 34. Qg6 Rd6 35. Ne6 Qb7 36. Nf4 Rf6 37. Qc2 exf4 38. Qxc3 fxe3+ 39. Kg1 Qb1 0-1

[Event "ROM-chT"]
[Site "Eforie Nord"]
[Date "2023.09.26"]
[Round "6.1"]
[White "Roshka, Yevgeniy"]
[Black "Tarlev, Konstantin"]
[Result "1/2-1/2"]
[WhiteElo "2501"]
[BlackElo "2589"]
[PlyCount "41"]
[EventDate "2023.09.21"]
[EventType "team-tourn"]
[EventRounds "9"]
[EventCountry "ROU"]
[SourceTitle "EXT 2024"]
[Source "ChessBase"]
[SourceDate "2023.10.10"]
[SourceVersion "1"]
[SourceVersionDate "2023.10.10"]
[SourceQuality "1"]
[WhiteTeam "Ineu"]
[BlackTeam "Craiova Oltenia"]
[WhiteTeamCountry "ROU"]
[BlackTeamCountry "ROU"]

1. d4 d5 2. c4 c6 3. Nf3 Nf6 4. Qb3 dxc4 5. Qxc4 Bf5 6. g3 e6 7. Bg2 Be7 8. 0-0 0-0 9. e3 Nbd7 10. Qe2 Qa5 11. Nc3 Ne4 12. Bd2 Nxd2 13. Nxd2 Bg6 14. Nc4 Qa6 15. Rfd1 Nb6 16. Bf1 Nxc4 17. Qxc4 Qxc4 18. Bxc4 Rfd8 19. Bd3 Bh5 20. Be2 Bg6 21. Bd3 1/2-1/2

[Event "ROM-chT"]
[Site "Eforie Nord"]
[Date "2023.09.24"]
[Round "4.1"]
[White "Roshka, Yevgeniy"]
[Black "Lashkin, Jegor"]
[Result "0-1"]
[WhiteElo "2501"]
[BlackElo "2459"]
[PlyCount "140"]
[EventDate "2023.09.21"]
[EventType "team-tourn"]
[EventRounds "9"]
[EventCountry "ROU"]
[SourceTitle "EXT 2024"]
[Source "ChessBase"]
[SourceDate "2023.10.10"]
[SourceVersion "1"]
[SourceVersionDate "2023.10.10"]
[SourceQuality "1"]
[WhiteTeam "Ineu"]
[BlackTeam "Buzau Phoenix"]
[WhiteTeamCountry "ROU"]
[BlackTeamCountry "ROU"]

1. d4 Nf6 2. c4 e6 3. g3 d5 4. Nf3 dxc4 5. Bg2 c6 6. Ne5 Bb4+ 7. Nc3 Nd5 8. Bd2 b5 9. 0-0 0-0 10. a4 a5 11. axb5 Bxc3 12. bxc3 cxb5 13. Qb1 f6 14. Ng4 Qd7 15. e4 Ne7 16. Bc1 e5 17. dxe5 Qxg4 18. exf6 gxf6 19. e5 Nbc6 20. Qxb5 Bd7 21. exf6 Rxf6 22. Ba3 Rb8 23. Qc5 Qf5 24. Qxc4+ Be6 25. Qe2 Qb5 26. Qe3 Nd5 27. Qe4 Nxc3 28. Qe3 Ne2+ 29. Kh1 Bf7 30. Rfe1 Re8 31. Qc5 Qxc5 32. Bxc5 Ned4 33. Rxe8+ Bxe8 34. Bxd4 Nxd4 35. Rxa5 Rxf2 36. Ra1 Bg6 37. Rd1 Nc2 38. Rd8+ Kg7 39. Kg1 Re2 40. Bf3 Re5 41. Kf2 Nb4 42. Be2 Nd5 43. Bf3 Nf6 44. Rb8 Ne4+ 45. Bxe4 Rxe4 46. Kf3 Rd4 47. g4 Kf6 48. Kg3 Ke5 49. Kh4 Rd2 50. h3 Rd3 51. Rf8 Rc3 52. Ra8 Ke4 53. Rf8 Rf3 54. Ra8 Ke3 55. Ra2 Be4 56. Ra6 Bg6 57. Rb6 Kf2 58. Rb2+ Kg1 59. Ra2 Bd3 60. Ra3 Kf2 61. Ra2+ Be2 62. Rb2 Re3 63. Ra2 Kg2 64. Kg5 Kxh3 65. Ra7 Bd3 66. Ra3 Rg3 67. Ra4 Bg6 68. Rb4 Re3 69. Ra4 Re5+ 70. Kf4 Re4+ 0-1

[Event "ROM-chT"]
[Site "Eforie Nord"]
[Date "2023.09.21"]
[Round "1.1"]
[White "Kozak, Adam"]
[Black "Roshka, Yevgeniy"]
[Result "1/2-1/2"]
[WhiteElo "2566"]
[BlackElo "2501"]
[PlyCount "149"]
[EventDate "2023.09.21"]
[EventType "team-tourn"]
[EventRounds "9"]
[EventCountry "ROU"]
[SourceTitle "EXT 2024"]
[Source "ChessBase"]
[SourceDate "2023.10.10"]
[SourceVersion "1"]
[SourceVersionDate "2023.10.10"]
[SourceQuality "1"]
[WhiteTeam "Galati Smart"]
[BlackTeam "Ineu"]
[WhiteTeamCountry "ROU"]
[BlackTeamCountry "ROU"]

1. Nf3 Nf6 2. g3 d5 3. Bg2 c6 4. 0-0 Bg4 5. d4 e6 6. h3 Bf5 7. c4 Nbd7 8. Nc3 h6 9. Re1 Be7 10. Qb3 Qb6 11. c5 Qxb3 12. axb3 0-0 13. b4 a6 14. g4 Bc2 15. Bf4 g5 16. Bg3 h5 17. Nxg5 hxg4 18. hxg4 Nxg4 19. Nf3 Ndf6 20. Ne5 Nxe5 21. Bxe5 Ng4 22. Bg3 Bf6 23. e3 Kh7 24. Rac1 Bb3 25. Bf1 e5 26. Bd3+ e4 27. Be2 Nh6 28. Kg2 Nf5 29. Rh1+ Kg7 30. Bf4 Nh4+ 31. Kf1 Rg8 32. Bg3 Nf5 33. Bf4 Nh4 34. Bc7 Nf3 35. Bxf3 exf3 36. Rh3 Rh8 37. Rg3+ Kf8 38. Bd6+ Be7 39. Bxe7+ Kxe7 40. Ke1 Rag8 41. Rxf3 Bc4 42. Kd2 Rh2 43. Re1 Rgg2 44. Nd1 Rg4 45. Kc2 Ke6 46. Rf4 Rxf4 47. exf4+ Kd7 48. b3 Bb5 49. Kd2 Rh3 50. Re3 Rh4 51. Rf3 Rh1 52. Ne3 Ra1 53. f5 Ke7 54. Ng4 Ra2+ 55. Kc3 Re2 56. Rf4 Ra2 57. Rf3 Re2 58. Re3+ Rxe3+ 59. fxe3 Be2 60. Nf2 Kf6 61. e4 Bf3 62. e5+ Kxf5 63. Kd3 Kf4 64. Nh3+ Kf5 65. Nf2 Kf4 66. Nh3+ Kf5 67. Nf2 Kf4 68. Nh3+ Kf5 69. Ke3 Bd1 70. Nf4 Bg4 71. Nd3 Bd1 72. Nf4 Bg4 73. Nd3 Bd1 74. Nc1 Bg4 75. Nd3 1/2-1/2

[Event "Andorra op 39th"]
[Site "Escaldes"]
[Date "2023.07.29"]
[Round "8"]
[White "Lopez Martinez, Josep Manuel"]
[Black "Roshka, Yevgeniy"]
[Result "1/2-1/2"]
[WhiteElo "2458"]
[BlackElo "2496"]
[PlyCount "82"]
[EventDate "2023.07.22"]
[EventType "swiss"]
[EventRounds "9"]
[EventCountry "AND"]
[SourceTitle "CBM 215 Extra"]
[Source "ChessBase"]
[SourceDate "2023.09.30"]
[SourceVersion "1"]
[SourceVersionDate "2023.09.30"]
[SourceQuality "1"]

1. Nf3 d5 2. g3 c5 3. Bg2 Nf6 4. 0-0 e6 5. d4 Nc6 6. c4 dxc4 7. dxc5 Qxd1 8. Rxd1 Bxc5 9. Nbd2 c3 10. bxc3 0-0 11. Nb3 Be7 12. c4 Bd7 13. Bb2 Rfc8 14. Rac1 Be8 15. Ne5 Kf8 16. h3 Rab8 17. Nxc6 Bxc6 18. Be5 Ra8 19. Bxc6 Rxc6 20. Bxf6 gxf6 21. Rd7 b6 22. Rb7 a6 23. e3 Rac8 24. Nd4 Rd6 25. Ra7 a5 26. Rb7 f5 27. Rc2 Bf6 28. Nb5 Rdc6 29. Rd2 Rd8 30. Rxd8+ Bxd8 31. Rb8 Ke7 32. Rb7+ Kf8 33. Rb8 Ke7 34. Rb7+ Kf6 35. Rb8 Be7 36. Nd4 Rxc4 37. Rxb6 Bb4 38. Kg2 Rc3 39. Ra6 Rc1 40. a3 Bxa3 41. Rxa5 Bb2 1/2-1/2

[Event "Andorra op 39th"]
[Site "Escaldes"]
[Date "2023.07.23"]
[Round "2"]
[White "Yuste Valenzuela, Alejandro"]
[Black "Roshka, Yevgeniy"]
[Result "0-1"]
[WhiteElo "2146"]
[BlackElo "2496"]
[PlyCount "58"]
[EventDate "2023.07.22"]
[EventType "swiss"]
[EventRounds "9"]
[EventCountry "AND"]
[SourceTitle "CBM 215 Extra"]
[Source "ChessBase"]
[SourceDate "2023.09.30"]
[SourceVersion "1"]
[SourceVersionDate "2023.09.30"]
[SourceQuality "1"]

1. e4 c6 2. d4 d5 3. e5 Bf5 4. h4 h5 5. Ne2 e6 6. Ng3 Bg6 7. c4 dxc4 8. Bxc4 Nd7 9. Nc3 Nb6 10. Be2 Nh6 11. Bg5 Be7 12. Nce4 Bxe4 13. Nxe4 Nf5 14. Bxe7 Qxe7 15. a4 Qb4+ 16. Kf1 Rd8 17. Nd6+ Nxd6 18. exd6 Rxd6 19. a5 Rxd4 20. Qc1 Nc4 21. Kg1 Nd2 22. Ra3 Nb3 23. Qc3 Nc5 24. a6 b6 25. Qf3 Qe1+ 26. Bf1 Qe4 27. Qg3 0-0 28. Qg5 Qf5 29. b4 Ne4 0-1

[Event "Andorra op 39th"]
[Site "Escaldes"]
[Date "2023.07.22"]
[Round "1"]
[White "Roshka, Yevgeniy"]
[Black "Garraza Obaldia, Esteban"]
[Result "1-0"]
[WhiteElo "2496"]
[BlackElo "1912"]
[PlyCount "81"]
[EventDate "2023.07.22"]
[EventType "swiss"]
[EventRounds "9"]
[EventCountry "AND"]
[SourceTitle "CBM 215 Extra"]
[Source "ChessBase"]
[SourceDate "2023.09.30"]
[SourceVersion "1"]
[SourceVersionDate "2023.09.30"]
[SourceQuality "1"]

1. d4 Nf6 2. c4 e6 3. Nf3 d5 4. g3 Bb4+ 5. Bd2 Bd6 6. Nc3 0-0 7. Qc2 c6 8. e4 Nxe4 9. Nxe4 dxe4 10. Qxe4 Nd7 11. Bd3 Nf6 12. Qh4 g6 13. 0-0 Be7 14. Bg5 Re8 15. Rfe1 Nh5 16. Bxe7 Qxe7 17. Qe4 Qc7 18. Qe5 Qxe5 19. dxe5 c5 20. Rad1 b6 21. Be4 Rb8 22. Rd6 Ng7 23. g4 h5 24. h3 hxg4 25. hxg4 Ba6 26. b3 Re7 27. Red1 Bb7 28. Rd8+ Re8 29. Rxb8 Rxb8 30. Bxb7 Rxb7 31. Rd8+ Kh7 32. Ng5+ Kh6 33. f4 Nf5 34. gxf5 gxf5 35. Kf2 b5 36. cxb5 Rxb5 37. Nxf7+ Kg6 38. Nd6 Rb4 39. Nc4 a5 40. Ra8 a4 41. Rxa4 1-0

[Event "Pays de Bray 1st"]
[Site "Gournay en Bray"]
[Date "2023.05.21"]
[Round "9"]
[White "Roshka, Yevgeniy"]
[Black "Terekhov, Andrey"]
[Result "1-0"]
[WhiteElo "2508"]
[BlackElo "2314"]
[PlyCount "104"]
[EventDate "2023.05.14"]
[EventType "tourn"]
[EventRounds "9"]
[EventCountry "FRA"]
[EventCategory "4"]
[SourceTitle "CBM 214 Extra"]
[Source "ChessBase"]
[SourceDate "2023.07.31"]
[SourceVersion "1"]
[SourceVersionDate "2023.07.31"]
[SourceQuality "1"]

1. e4 c5 2. Nc3 e6 3. Nf3 Nc6 4. Bb5 Nd4 5. Bd3 a6 6. 0-0 Nc6 7. Nd5 d6 8. Ne3 Nf6 9. c3 d5 10. exd5 Nxd5 11. Be4 Be7 12. d4 cxd4 13. Nxd4 Nxd4 14. Qxd4 Nf6 15. Qxd8+ Bxd8 16. Bf3 Bc7 17. Nc4 0-0 18. Bg5 Nd5 19. Rfd1 f6 20. Bh4 Bd7 21. Ne3 Bc6 22. Nxd5 Bxd5 23. Bxd5 exd5 24. Rxd5 Rad8 25. Rdd1 Rfe8 26. Bg3 Bxg3 27. hxg3 h5 28. Kf1 Kf7 29. Rxd8 Rxd8 30. Ke2 Re8+ 31. Kd2 Rd8+ 32. Kc2 Re8 33. Rd1 Kg6 34. c4 Kf5 35. Rd5+ Kg4 36. Kd2 Re7 37. b4 g5 38. Rd4+ Kf5 39. c5 Rh7 40. a4 h4 41. gxh4 gxh4 42. Kc3 Rg7 43. Rxh4 Rxg2 44. Rh7 Rxf2 45. Rxb7 Ke5 46. Re7+ Kd5 47. Rd7+ Ke5 48. c6 Rf1 49. Rd2 Rc1+ 50. Rc2 Rh1 51. c7 Rh8 52. b5 Kd5 1-0